More grammar to get things done : (Record no. 591290)

000 -LEADER
fixed length control field 02742cam a2200409 i 4500
001 - CONTROL NUMBER
control field 21121326
003 - CONTROL NUMBER IDENTIFIER
control field NUST
005 - DATE AND TIME OF LATEST TRANSACTION
control field 20220823170445.0
008 - FIXED-LENGTH DATA ELEMENTS--GENERAL INFORMATION
fixed length control field 190806s2020 nyua b 001 0 eng
010 ## - LIBRARY OF CONGRESS CONTROL NUMBER
LC control number 2019034602
020 ## - INTERNATIONAL STANDARD BOOK NUMBER
International Standard Book Number 9780367194741
Qualifying information (hardback)
020 ## - INTERNATIONAL STANDARD BOOK NUMBER
International Standard Book Number 9780367194819
Qualifying information (paperback)
020 ## - INTERNATIONAL STANDARD BOOK NUMBER
Canceled/invalid ISBN 9780429202711
Qualifying information (ebook)
038 ## - RECORD CONTENT LICENSOR
Staff Name Azhar
040 ## - CATALOGING SOURCE
Original cataloging agency DLC
Language of cataloging eng
Transcribing agency DLC
Description conventions rda
Modifying agency DLC
042 ## - AUTHENTICATION CODE
Authentication code pcc
050 00 - LIBRARY OF CONGRESS CALL NUMBER
Classification number LB1631
Item number .C776 2020
082 00 - DEWEY DECIMAL CLASSIFICATION NUMBER
Classification number 428.00712
Author Mark CRO
100 1# - MAIN ENTRY--PERSONAL NAME
Personal name Crovitz, Darren,
Relator term author.
9 (RLIN) 98394
245 10 - TITLE STATEMENT
Title More grammar to get things done :
Remainder of title daily lessons for teaching grammar in context
Statement of responsibility, etc. Darren Crovitz and Michelle D. Devereaux.
264 #1 - PRODUCTION, PUBLICATION, DISTRIBUTION, MANUFACTURE, AND COPYRIGHT NOTICE
Place of production, publication, distribution, manufacture New York :
Name of producer, publisher, distributor, manufacturer Routledge, Taylor & Francis Group, NCTE/National Council of Teachers of Englis
Date of production, publication, distribution, manufacture, or copyright notice 2020.
300 ## - PHYSICAL DESCRIPTION
Extent xvii, 192 pages :
Other physical details illustrations ;
Dimensions 27 cm
336 ## - CONTENT TYPE
Content type term text
Content type code txt
Source rdacontent
337 ## - MEDIA TYPE
Media type term unmediated
Media type code n
Source rdamedia
338 ## - CARRIER TYPE
Carrier type term volume
Carrier type code nc
Source rdacarrier
504 ## - BIBLIOGRAPHY, ETC. NOTE
Bibliography, etc. note Includes bibliographical references and index.
505 0# - FORMATTED CONTENTS NOTE
Formatted contents note What is this book about? -- Language study reset: shifting the grammar focus -- Grammar in context: texts, writing, and real life -- Daily lessons for ten grammar concepts.
520 ## - SUMMARY, ETC.
Summary, etc. "Complementing Crovitz and Devereaux's successful Grammar to Get Things Done, this book demystifies grammar in context and offers day-by-day guides for teaching ten grammar concepts, giving teachers a model and vocabulary for discussing grammar in real ways with their students. Through applied practice in real-world contexts, the authors explain how to develop students' mastery of grammar and answer difficult questions about usage, demonstrating how grammar acts as a tool for specific purposes in students' lives. Accessibly written and organized, the book provides ten adaptable activity guides for each concept, illustrating instruction from a use-based perspective. Middle and high school pre-service and in-service English teachers will gain confidence in their own grammar knowledge and learn how to teach grammar in ways that are uniquely accessible and purposeful for students"--
Assigning source Provided by publisher.
563 ## - BINDING INFORMATION
Binding note HB
650 #0 - SUBJECT ADDED ENTRY--TOPICAL TERM
Topical term or geographic name entry element English language
General subdivision Grammar
-- Study and teaching (Secondary)
9 (RLIN) 98395
650 #0 - SUBJECT ADDED ENTRY--TOPICAL TERM
Topical term or geographic name entry element English language
General subdivision Study and teaching (Secondary)
9 (RLIN) 38851
700 1# - ADDED ENTRY--PERSONAL NAME
Personal name Devereaux, Michelle D.,
Relator term author.
9 (RLIN) 98396
776 08 - ADDITIONAL PHYSICAL FORM ENTRY
Relationship information Online version:
Main entry heading Crovitz, Darren,
Title More grammar to get things done
Edition 1.
Place, publisher, and date of publication New York, NY : Routledge, 2020.
International Standard Book Number 9780429202711
Record control number (DLC) 2019034603
906 ## - LOCAL DATA ELEMENT F, LDF (RLIN)
a 7
b cbc
c orignew
d 1
e ecip
f 20
g y-gencatlg
942 ## - ADDED ENTRY ELEMENTS (KOHA)
Source of classification or shelving scheme
Koha item type Lincoln Corner
Holdings
Withdrawn status Lost status Source of classification or shelving scheme Damaged status Not for loan Permanent Location Current Location Shelving location Date acquired Full call number Barcode Date last seen Price effective from Koha item type
          Central Library (CL) Central Library (CL) Lincoln Corner 08/23/2022 428.00712 CRO LC-389 08/23/2022 08/23/2022 Reference
© 2023 Central Library, National University of Sciences and Technology. All Rights Reserved.